[Event "Aeroflot Open B 2017"]
[Site "masterchessopen.com Moscow RUS"]
[Date "2017.02.28"]
[Round "8.2"]
[White "Lintchevski,D"]
[Black "Battaglini,G"]
[Result "0-1"]
[WhiteElo "2524"]
[BlackElo "2444"]

1.e4 c5 2.Nf3 e6 3.d4 cxd4 4.Nxd4 a6 5.Bd3 Bc5 6.Nb3 Be7 7.Qg4 g6 8.Qe2 d6
9.O-O Nd7 10.Na3 Ngf6 11.Bh6 Ne5 12.Nc4 Nfg4 13.Bd2 Nxc4 14.Bxc4 Ne5 15.Bd3
O-O 16.Bc3 b6 17.Rad1 Qc7 18.f4 Nxd3 19.Rxd3 e5 20.f5 f6 21.Rg3 Kf7 22.Qd2 Ke8
23.Qh6 gxf5 24.exf5 Bb7 25.Rg7 Kd7 26.Nd4 Qc5 27.Kh1 Qd5 28.Ne6 Rf7 29.Rg3 Qc4
30.Re1 Bd5 31.Qh5 Bxe6 32.b3 Qd5 33.Rd3 Rg7 34.fxe6+ Qxe6 35.Qf3 Rag8 36.g3
Ke8 37.Qa8+ Kf7 38.Qxa6 h5 39.Qxb6 h4 40.Kg2 hxg3 41.hxg3 Rh7 42.Qc6 Rgh8
43.Qd5 Rh2+ 44.Kg1 Qxd5 45.Rxd5 Rxc2 46.Bb4 Rxa2 47.Bxd6 Rd8 48.Red1 Ke6
49.Bxe7 Rxd5 50.Rxd5 Kxd5 51.Bxf6 e4 {#R} 0-1

[Event "Aeroflot Open B 2017"]
[Site "masterchessopen.com Moscow RUS"]
[Date "2017.02.28"]
[Round "8.4"]
[White "Sviridov,Va"]
[Black "Abhishek,K"]
[Result "0-1"]
[WhiteElo "2515"]
[BlackElo "2381"]

1.Nf3 Nf6 2.g3 g6 3.Bg2 Bg7 4.O-O O-O 5.c4 d6 6.Nc3 c5 7.d4 Nc6 8.dxc5 dxc5
9.Bf4 Nh5 10.Bg5 Bxc3 11.bxc3 Qc7 12.Qd5 Na5 13.Be3 b6 14.Qxa8 Bb7 15.Qxa7 Ra8
16.Qxa8+ Bxa8 17.Nd2 Bxg2 18.Kxg2 Qc6+ 19.f3 Nf6 20.Kf2 Kg7 21.h4 Nd7 22.Bf4
h6 23.g4 Qf6 24.Bxh6+ Kg8 25.Bg5 Qxc3 26.Rac1 Qd4+ 27.Be3 Qf6 28.Kg3 Qe6
29.Bf4 Ne5 30.Rfd1 f5 31.Rc3 Nxg4 32.e4 Nf6 33.Kf2 fxe4 34.Nxe4 Nxe4+ 35.fxe4
Qxe4 36.Bg5 Nc6 37.Rf3 Nd4 38.Rfd3 Qe2+ 39.Kg3 e5 40.R1d2 Qf1 41.Ra3 Ne2+
42.Kh2 {#R} 0-1

[Event "Aeroflot Open B 2017"]
[Site "masterchessopen.com Moscow RUS"]
[Date "2017.02.28"]
[Round "8.6"]
[White "Lin Chen"]
[Black "Kazakovskiy,Valeriy"]
[Result "0-1"]
[WhiteElo "2478"]
[BlackElo "2429"]

1.e4 c5 2.Ne2 a6 3.Nbc3 e6 4.d4 b5 5.Be3 Qc7 6.Qd2 cxd4 7.Nxd4 Bb7 8.f3 Nf6
9.g4 h6 10.O-O-O b4 11.Na4 d5 12.e5 Nfd7 13.f4 Nc6 14.b3 Nxd4 15.Bxd4 Bc6
16.Nb2 a5 17.Nd3 Bb5 18.Kb1 Bxd3 19.Bxd3 Bc5 20.Ba1 Qb6 21.Qe2 Be3 22.Rhf1 g5
23.f5 Ke7 24.Bb5 Nc5 25.f6+ Kf8 26.Rf3 Bf4 27.Bd4 Qc7 28.c4 Ne4 29.cxd5 exd5
30.Bd3 Nc3+ 31.Bxc3 bxc3 32.e6 fxe6 33.Qxe6 Re8 34.Qxd5 Rd8 35.Qc4 Qxc4
36.bxc4 Rb8+ {#R} 0-1

[Event "Aeroflot Open B 2017"]
[Site "masterchessopen.com Moscow RUS"]
[Date "2017.02.28"]
[Round "8.19"]
[White "Yudin,S"]
[Black "Atabayew,S"]
[Result "1-0"]
[WhiteElo "2523"]
[BlackElo "2422"]

1.e4 c5 2.Ne2 e6 3.d4 cxd4 4.Nxd4 a6 5.c4 Nf6 6.Nc3 Qc7 7.Be2 Be7 8.O-O d6
9.Be3 b6 10.Qd2 Bb7 11.f3 O-O 12.Rfc1 Nbd7 13.a4 Rac8 14.a5 Rfd8 15.axb6 Nxb6
16.b4 Nfd7 17.Nb3 Bf6 18.Na5 Ba8 19.Qe1 Qb8 20.Rab1 Be5 21.g3 d5 22.cxd5 exd5
23.Nxd5 Nxd5 24.exd5 Bxd5 25.Rd1 Qa8 26.Bxa6 Rc3 27.Bb5 Ba2 28.Bd4 Rc2 29.Bc6
Rxc6 30.Nxc6 Qxc6 31.Rbc1 Bxd4+ 32.Rxd4 Qb6 33.Qf2 Be6 34.Rcd1 h5 35.Kg2 Qb5
36.Qf1 Qb7 37.Qd3 g6 38.Rd2 Bf5 39.Qe3 Qc8 40.Rd5 Re8 41.Qd4 Nf8 42.h4 Qc1
43.Qb2 Qc8 44.b5 Bh3+ 45.Kf2 Qc4 46.Qb1 Ne6 47.b6 Nf4 48.Qb5 Qc8 {#r} 1-0

[Event "Aeroflot Open B 2017"]
[Site "masterchessopen.com Moscow RUS"]
[Date "2017.02.28"]
[Round "8.20"]
[White "Konovalov,N"]
[Black "Dvalishvili,P"]
[Result "1-0"]
[WhiteElo "2501"]
[BlackElo "2420"]

1.d4 Nf6 2.Nf3 g6 3.Bg5 Bg7 4.Nbd2 h6 5.Bh4 d6 6.c3 g5 7.Bg3 Nh5 8.e4 Nd7
9.Nc4 e6 10.Nfd2 Nxg3 11.hxg3 Qe7 12.Ne3 b6 13.a4 a6 14.Bd3 Bb7 15.Qe2 Nf6
16.f4 Nd7 17.e5 dxe5 18.fxe5 a5 19.Be4 Ba6 20.Ndc4 Rd8 21.Bd3 Bb7 22.Rd1 Bc6
23.Bc2 Kf8 24.Qh5 Kg8 25.O-O Bb7 26.Rf2 Rf8 27.Ng4 Ba6 28.Nd2 f5 29.exf6 Nxf6
30.Nxf6+ Rxf6 31.Rxf6 Qxf6 32.Qe8+ Bf8 33.Re1 Qf7 34.Qa8 {#r} 1-0

[Event "Aeroflot Open B 2017"]
[Site "masterchessopen.com Moscow RUS"]
[Date "2017.02.28"]
[Round "8.23"]
[White "Tsydypov,Z"]
[Black "Bakunts,Rafael"]
[Result "1-0"]
[WhiteElo "2485"]
[BlackElo "2386"]

1.e4 e5 2.Nf3 Nc6 3.d4 exd4 4.Nxd4 Bc5 5.Nb3 Bb6 6.Nc3 Nf6 7.Qe2 a5 8.e5 O-O
9.exf6 a4 10.Qg4 Qxf6 11.Nd2 Qxf2+ 12.Kd1 d5 13.Qg3 Qd4 14.Bd3 Bg4+ 15.Nf3 a3
16.Rb1 Rfe8 17.Nb5 Bxf3+ 18.gxf3 Qf6 19.Bg5 Qe6 20.bxa3 f6 21.Bf4 Ne5 22.Re1
Qf7 23.Bxe5 fxe5 24.Nd6 cxd6 25.Rxb6 Re6 26.Rg1 Rf6 27.Qh4 g6 28.Qb4 Rxf3
29.Be2 Rf4 30.Qxd6 Rd4+ 31.Kc1 Qf4+ 32.Kb1 Rd2 33.Rxg6+ hxg6 34.Qxg6+ Kh8
35.Rxb7 {#r} 1-0

[Event "Aeroflot Open B 2017"]
[Site "masterchessopen.com Moscow RUS"]
[Date "2017.02.28"]
[Round "8.24"]
[White "Shtembuliak,E"]
[Black "Esenov,An"]
[Result "1-0"]
[WhiteElo "2477"]
[BlackElo "2302"]

1.Nf3 Nf6 2.g3 g6 3.Bg2 Bg7 4.O-O O-O 5.c4 d6 6.d4 c5 7.Nc3 cxd4 8.Nxd4 Nc6
9.Nxc6 bxc6 10.Bxc6 Rb8 11.Bg2 Qa5 12.Qd2 Be6 13.b3 Rxb3 14.axb3 Qxa1 15.Nb5
a6 16.Na7 Qb1 17.Qb4 a5 18.Qb7 a4 19.bxa4 Qxb7 20.Bxb7 Bxc4 21.Nc6 Nd5 22.a5
Nc7 23.Nxe7+ Kh8 24.Bf4 Rb8 25.Rc1 Rxb7 26.Rxc4 Bf8 27.Bxd6 Bxe7 28.Bxe7 Kg7
29.Bd8 Rb1+ 30.Kg2 Ne6 31.Bb6 Ra1 32.Rc6 Kg8 33.Rc8+ Kg7 34.Ra8 Rb1 35.Be3 Nc7
36.Ra7 Nd5 37.Bd4+ Kf8 38.e4 Nb4 39.Rb7 {#r} 1-0

[Event "Aeroflot Open B 2017"]
[Site "masterchessopen.com Moscow RUS"]
[Date "2017.02.28"]
[Round "8.30"]
[White "Murtazin,Bulat"]
[Black "Ragnarsson,Dagur"]
[Result "1-0"]
[WhiteElo "2425"]
[BlackElo "2276"]

1.d4 d5 2.c4 e6 3.Nf3 c6 4.Nc3 dxc4 5.e3 b5 6.a4 Bb4 7.Bd2 a5 8.axb5 Bxc3
9.Bxc3 cxb5 10.b3 Bb7 11.bxc4 b4 12.Bb2 Nf6 13.Bd3 O-O 14.O-O Nbd7 15.Nd2 e5
16.Bc2 Qc7 17.Re1 exd4 18.exd4 Rfe8 19.Rxe8+ Rxe8 20.Ba4 Ra8 21.d5 Qf4 22.g3
Qf5 23.Bc2 Qh3 24.Nf1 Ra6 25.Ne3 Nc5 26.Qd4 Qc8 27.Nf5 Kf8 28.Qh4 h6 29.Nxh6
Nfe4 30.Nf5 {#r} 1-0

[Event "Aeroflot Open B 2017"]
[Site "masterchessopen.com Moscow RUS"]
[Date "2017.02.28"]
[Round "8.31"]
[White "Khomeriki,N"]
[Black "Duzhakov,I"]
[Result "0-1"]
[WhiteElo "2317"]
[BlackElo "2424"]

1.d4 Nf6 2.c4 g6 3.Nc3 d5 4.cxd5 Nxd5 5.e4 Nxc3 6.bxc3 c5 7.Be3 Bg7 8.Rc1 Qa5
9.Qd2 cxd4 10.cxd4 Qxd2+ 11.Bxd2 O-O 12.Nf3 Bg4 13.Be3 Nc6 14.d5 Nb4 15.Bd2 a5
16.a3 Na6 17.h3 Bxf3 18.gxf3 Bb2 19.Rb1 Bxa3 20.Bxa5 Rfc8 21.Bd2 Bd6 22.f4 f6
23.h4 Nc5 24.f3 Ra3 25.Rh3 Nb3 26.h5 Nxd2 27.Kxd2 Bxf4+ 28.Kd1 gxh5 29.Rxh5
Rxf3 30.Bh3 Rcc3 31.Be6+ Kg7 32.Rxb7 Rfd3+ 33.Ke1 Rc1+ 34.Ke2 Rd2+ 35.Kf3 Rf1+
36.Kg4 Rg2+ 37.Kh4 Rh1+ {#R} 0-1

[Event "Aeroflot Open B 2017"]
[Site "masterchessopen.com Moscow RUS"]
[Date "2017.02.28"]
[Round "8.32"]
[White "Khalafova,N"]
[Black "Pustovoitova,D"]
[Result "1-0"]
[WhiteElo "2250"]
[BlackElo "2407"]

1.e4 c5 2.Nf3 e6 3.d4 cxd4 4.Nxd4 Nf6 5.Bd3 Nc6 6.Nxc6 bxc6 7.O-O d5 8.Qe2 Be7
9.c4 O-O 10.Nc3 Bb7 11.b3 Qc7 12.Bb2 d4 13.Na4 c5 14.e5 Nd7 15.f4 f5 16.exf6
Rxf6 17.Rae1 Bd6 18.Bc1 e5 19.fxe5 Bxe5 20.h3 Bh2+ 21.Kh1 Bg3 22.Rxf6 Nxf6
23.Qe6+ Kf8 24.Rf1 Re8 25.Rxf6+ {#r} 1-0

[Event "Aeroflot Open B 2017"]
[Site "masterchessopen.com Moscow RUS"]
[Date "2017.02.28"]
[Round "8.39"]
[White "Kakabaev,Mergen"]
[Black "Savitskiy,S"]
[Result "1-0"]
[WhiteElo "2329"]
[BlackElo "2415"]

1.e4 c5 2.Nf3 Nc6 3.d4 cxd4 4.Nxd4 Nf6 5.Nc3 d6 6.Be2 g6 7.Be3 Bg7 8.O-O O-O
9.Qd2 Re8 10.f3 Bd7 11.Rfd1 Rc8 12.Rac1 Ne5 13.Nd5 Nxd5 14.exd5 Nc4 15.Bxc4
Rxc4 16.b3 Rc8 17.c4 a6 18.a4 b6 19.Qf2 Rb8 20.Qc2 Qc7 21.b4 e5 22.dxe6 fxe6
23.b5 a5 24.Qd2 Bf8 25.Ne2 Rbc8 26.Ng3 e5 27.Ne4 Re6 28.Nc3 Qxc4 29.Nd5 Qb3
30.Nxb6 Rxc1 31.Rxc1 Be8 32.Nd5 Qxa4 33.Nc7 Re7 34.Nxe8 Rxe8 35.Qd5+ Kh8
36.Qf7 Qa3 37.Bg5 {#r} 1-0

[Event "Aeroflot Open B 2017"]
[Site "masterchessopen.com Moscow RUS"]
[Date "2017.02.28"]
[Round "8.45"]
[White "Mammadova,G"]
[Black "Bogaudinov,R"]
[Result "1-0"]
[WhiteElo "2401"]
[BlackElo "2241"]

1.e4 e5 2.Nf3 Nc6 3.Bc4 Bc5 4.O-O Nf6 5.d3 d6 6.a4 a6 7.c3 Ba7 8.Na3 O-O 9.Bg5
h6 10.Bh4 Be6 11.b4 Qe7 12.Ba2 g5 13.Bg3 a5 14.b5 Nb8 15.Re1 Nbd7 16.Nc2 Nc5
17.Ne3 Qd7 18.h4 g4 19.Nh2 Kh7 20.Bb1 Nh5 21.Ra3 Nxg3 22.fxg3 h5 23.d4 Nb3
24.d5 Nc5 25.Ra2 Qe7 26.dxe6 fxe6 27.Nhf1 Rf6 28.Kh2 Raf8 29.Nc4 Qf7 30.Nfe3
Rf2 31.Rxf2 Qxf2 32.Rg1 {#r} 1-0

[Event "Aeroflot Open B 2017"]
[Site "masterchessopen.com Moscow RUS"]
[Date "2017.02.28"]
[Round "8.47"]
[White "Shuvalova,Polina"]
[Black "Danielyan,Vahe"]
[Result "1-0"]
[WhiteElo "2387"]
[BlackElo "2282"]

1.e4 e5 2.Nf3 Nc6 3.Bc4 Bc5 4.O-O Nf6 5.d3 d6 6.c3 a6 7.a4 Ba7 8.Nbd2 O-O 9.h3
Ne7 10.Re1 Ng6 11.Nf1 c6 12.Bb3 d5 13.exd5 Nxd5 14.Ng3 f6 15.d4 Kh8 16.dxe5
fxe5 17.c4 Ndf4 18.Qxd8 Rxd8 19.Be3 Nd3 20.Rad1 Be6 21.Bxa7 Nxe1 22.Rxd8+ Rxd8
23.Nxe1 Rd2 24.Bc2 Bxc4 25.Be3 Rd8 26.b3 Bd5 27.f3 Nf4 28.Kf2 Ne6 29.Bb6 Re8
30.b4 Nf8 31.Ne4 Nd7 32.Be3 b6 33.Nd3 Ra8 34.Bd2 h6 35.Bc3 Bxe4 36.fxe4 Re8
37.Ke3 g5 38.Bd1 Kg8 39.Bg4 Nf6 40.Bf5 h5 41.Bxe5 Kf7 42.Bxf6 Kxf6 43.Bd7 Rd8
44.Bxc6 g4 45.hxg4 hxg4 46.Bb7 a5 47.b5 {#r} 1-0

[Event "Aeroflot Open B 2017"]
[Site "masterchessopen.com Moscow RUS"]
[Date "2017.02.28"]
[Round "8.51"]
[White "Zakaryan,David"]
[Black "Sigfusson,S"]
[Result "0-1"]
[WhiteElo "2320"]
[BlackElo "2226"]

1.Nf3 Nf6 2.c4 g6 3.Nc3 Bg7 4.d4 O-O 5.e4 d6 6.h3 c5 7.d5 a6 8.a4 e6 9.Bd3
exd5 10.cxd5 Re8 11.O-O c4 12.Bc2 Nbd7 13.Bf4 Nc5 14.Nd2 Nh5 15.Bh2 Qa5 16.f4
Bd4+ 17.Kh1 Qd8 18.Qf3 b5 19.axb5 Rb8 20.f5 axb5 21.fxg6 fxg6 22.Qf7+ Kh8
23.Nf3 Bg7 24.Ng5 Bd7 25.h4 b4 26.Ne2 b3 27.Bb1 Qb6 28.Nxh7 Kxh7 29.e5 dxe5
30.Ng3 Nxg3+ 31.Bxg3 {#R} 0-1

[Event "Aeroflot Open B 2017"]
[Site "masterchessopen.com Moscow RUS"]
[Date "2017.02.28"]
[Round "8.55"]
[White "Levushkina,E"]
[Black "Makoveev,Ilya"]
[Result "1-0"]
[WhiteElo "2306"]
[BlackElo "2202"]

1.b3 b6 2.Bb2 Bb7 3.e3 e6 4.Nf3 Nf6 5.Be2 Be7 6.O-O O-O 7.c4 c5 8.Nc3 d5 9.d4
dxc4 10.bxc4 cxd4 11.exd4 Nc6 12.Rc1 Na5 13.Ne5 Nd7 14.Bd3 g6 15.Qe2 Rc8
16.Rfd1 Re8 17.Re1 Bf8 18.Ne4 f5 19.Nd2 Nxe5 20.Qxe5 Bg7 21.Qe3 Qd6 22.Bf1
Rcd8 23.c5 bxc5 24.Rxc5 Bxd4 25.Bxd4 Qxd4 26.Qxd4 Rxd4 27.Rxa5 Rxd2 28.Rxa7
Bd5 29.a4 Rb2 30.Rc1 Reb8 31.Bb5 Ra2 32.Re7 Bb3 33.h3 Bxa4 34.Bc4 Rc2 35.Bxe6+
Kf8 36.Rf7+ Ke8 37.Re1 Kd8 38.Ra1 Rb4 39.Ra7 Bb3 40.Rd7+ Kc8 41.Ra8+ Rb8
42.Rxb8+ Kxb8 43.Bxb3 Rc1+ 44.Kh2 h6 45.Rd6 Rc3 46.Bf7 {#r} 1-0

[Event "Aeroflot Open B 2017"]
[Site "masterchessopen.com Moscow RUS"]
[Date "2017.02.28"]
[Round "8.57"]
[White "Paramzina,A"]
[Black "Assaubayeva,Bibisara"]
[Result "0-1"]
[WhiteElo "2220"]
[BlackElo "2177"]

1.e4 e5 2.Nf3 Nc6 3.Bc4 Bc5 4.d3 Nf6 5.c3 O-O 6.Bg5 h6 7.Bh4 Be7 8.O-O d6
9.Bb3 Bg4 10.Nbd2 Qd7 11.Nc4 Nh7 12.Bxe7 Nxe7 13.Ne3 Bxf3 14.Qxf3 Ng5 15.Qg3
Ne6 16.Rad1 a5 17.d4 Nf4 18.Rfe1 a4 19.Bc4 Qc6 20.Qf3 a3 21.b4 b5 22.Bf1 f5
23.d5 Qd7 24.exf5 Nxf5 25.Qe4 Nxe3 26.fxe3 Nh5 27.Bd3 Nf6 28.Qg6 c6 29.Bf5 Qc7
30.Be6+ Kh8 31.dxc6 Qxc6 32.Qd3 Rfe8 33.Bf7 Re7 34.Bb3 Rd8 35.Rf1 d5 36.Kh1
Rc7 37.Qg6 Qd6 38.Bc2 e4 39.Bb3 Rxc3 40.Rf5 Rxe3 41.Rdf1 Rxb3 42.axb3 a2 43.g4
e3 44.Kg2 Ra8 45.Ra1 e2 46.g5 hxg5 47.Rxg5 Qe7 48.h4 Ra7 49.Kf2 e1=Q+ 50.Rxe1
Qxe1+ 51.Kxe1 a1=Q+ {#R} 0-1

[Event "Aeroflot Open B 2017"]
[Site "masterchessopen.com Moscow RUS"]
[Date "2017.02.28"]
[Round "8.58"]
[White "Sabirov,Temirjan"]
[Black "Zherebtsova,A"]
[Result "0-1"]
[WhiteElo "2340"]
[BlackElo "2186"]

1.c4 e5 2.Nc3 Nc6 3.e4 g6 4.g3 Bg7 5.Bg2 d6 6.Nge2 Be6 7.d3 Qd7 8.h3 h6 9.Be3
Nge7 10.b4 Nxb4 11.Rb1 c5 12.a3 Nbc6 13.Nd5 Nd4 14.Qd2 Nxe2 15.Kxe2 Nc6 16.f4
exf4 17.gxf4 Bxd5 18.cxd5 Nd4+ 19.Bxd4 Bxd4 20.Bf3 Qe7 21.h4 h5 22.Rh2 O-O-O
23.Kf1 Rd7 24.a4 Bf6 25.Qf2 Bd4 26.Qd2 Re8 27.Qa5 Kb8 28.Qd2 Qf6 29.Kg2 Qd8
30.Rb5 Bf6 31.Qf2 a6 32.Rb3 Qa5 33.Qa2 Rc8 34.Kh3 c4 35.dxc4 Qe1 36.Qf2 Qc1
37.Qe3 Qxc4 38.Be2 Qxa4 39.Bxa6 Qxa6 40.Rd2 Qf1+ 41.Kg3 Rc1 {#R} 0-1

[Event "Aeroflot Open B 2017"]
[Site "masterchessopen.com Moscow RUS"]
[Date "2017.03.01"]
[Round "9.2"]
[White "Battaglini,G"]
[Black "Kozionov,Kirill"]
[Result "1-0"]
[WhiteElo "2444"]
[BlackElo "2439"]

1.d4 d5 2.c4 c6 3.cxd5 cxd5 4.Nf3 Nc6 5.Nc3 Nf6 6.Bf4 Nh5 7.Bd2 e6 8.e3 Bd6
9.Bd3 Nf6 10.O-O O-O 11.h3 Re8 12.Rc1 e5 13.dxe5 Nxe5 14.Nxe5 Bxe5 15.b3 Bb8
16.Qf3 h5 17.Rfd1 Be6 18.Bf5 Qd6 19.g3 h4 20.Bxe6 fxe6 21.gxh4 Rf8 22.Qg2 a6
23.e4 Ba7 24.exd5 exd5 25.Bg5 d4 26.Bxf6 Qxf6 27.Nd5 Qf3 28.Qxf3 Rxf3 29.Ne7+
Kh7 30.Nc8 Bb8 31.Nb6 Ra7 32.Nc8 Ra8 33.Nb6 Ra7 34.Rxd4 Rxh3 35.Rc5 Rf3
36.Rh5+ Kg6 37.Rg5+ Kf6 38.Rd8 {#r} 1-0

[Event "Aeroflot Open B 2017"]
[Site "masterchessopen.com Moscow RUS"]
[Date "2017.03.01"]
[Round "9.7"]
[White "Tsydypov,Z"]
[Black "Lintchevski,D"]
[Result "0-1"]
[WhiteElo "2485"]
[BlackElo "2524"]

1.e4 c5 2.Nf3 e6 3.d4 cxd4 4.Nxd4 Nf6 5.Nc3 Nc6 6.Ndb5 d6 7.Bf4 e5 8.Bg5 a6
9.Na3 b5 10.Bxf6 gxf6 11.Nd5 f5 12.Bxb5 axb5 13.Nxb5 Ra4 14.Nbc7+ Kd7 15.c4
Rxc4 16.O-O Nd4 17.Na8 Ke8 18.Nab6 Rc2 19.Re1 Bh6 20.exf5 Bd2 21.Qg4 Kf8
22.Nxc8 Qxc8 23.Qh4 Qxf5 24.Ne3 Qg6 {#R} 0-1

[Event "Aeroflot Open B 2017"]
[Site "masterchessopen.com Moscow RUS"]
[Date "2017.03.01"]
[Round "9.8"]
[White "Lin Chen"]
[Black "Yudin,S"]
[Result "0-1"]
[WhiteElo "2478"]
[BlackElo "2523"]

1.e4 e6 2.d4 d5 3.Nd2 c5 4.exd5 Qxd5 5.Ngf3 cxd4 6.Bc4 Qd6 7.O-O Nf6 8.Nb3 Nc6
9.Nbxd4 Nxd4 10.Nxd4 a6 11.Re1 Qc7 12.Bb3 Bd6 13.h3 Bh2+ 14.Kh1 Bf4 15.Qf3
Bxc1 16.Raxc1 O-O 17.Rcd1 Bd7 18.c3 Rfd8 19.Kg1 Rac8 20.Qe3 Qc5 21.Qg3 Qc7
22.Qe3 Qc5 23.Rd2 Bc6 24.Red1 Re8 25.Nxc6 Qxe3 26.fxe3 Rxc6 27.Rd4 Kf8 28.Ba4
b5 29.Bb3 Ke7 30.Kf2 Rb8 31.Kf3 a5 32.a3 Rc7 33.Ra1 Nd7 34.Ke2 Ne5 35.Rad1 g5
36.Rd6 Nc4 37.Bxc4 bxc4 38.R1d2 Rcb7 39.Kf3 Rxb2 40.Rd7+ Kf6 41.R2d4 R8b5
42.Rxc4 Rf5+ 43.Kg3 Rff2 44.Rcc7 Kg6 {#R} 0-1

[Event "Aeroflot Open B 2017"]
[Site "masterchessopen.com Moscow RUS"]
[Date "2017.03.01"]
[Round "9.10"]
[White "Hayrapetyan,Ho"]
[Black "Lavrik,D"]
[Result "1-0"]
[WhiteElo "2514"]
[BlackElo "2414"]

1.c4 Nf6 2.Nc3 c5 3.g3 e6 4.Nf3 b6 5.Bg2 Bb7 6.O-O d6 7.Re1 Nbd7 8.e4 Rc8 9.b3
a6 10.Bb2 Be7 11.d4 cxd4 12.Nxd4 Qc7 13.Qe2 O-O 14.Rad1 Qb8 15.f4 h6 16.f5 e5
17.Nc2 b5 18.cxb5 axb5 19.Nb4 Bd8 20.Ncd5 Ba5 21.Nxf6+ Nxf6 22.a3 Bxb4 23.axb4
Rfd8 24.Rd2 Bc6 25.g4 Qb6+ 26.Kh1 Qb7 27.Rd3 Ra8 28.h4 Ra2 29.Rd2 Qe7 30.Kg1
Rd7 31.g5 hxg5 32.hxg5 Nh7 33.f6 Qe6 34.Rc1 Bb7 35.Qh5 gxf6 36.Bh3 Qxb3 37.Rc3
Qxb4 38.gxf6 Qxe4 39.Rg2+ Kh8 40.Qh6 Qd4+ 41.Re3 {#r} 1-0

[Event "Aeroflot Open B 2017"]
[Site "masterchessopen.com Moscow RUS"]
[Date "2017.03.01"]
[Round "9.13"]
[White "Abdumalik,Z"]
[Black "Gavrilov,Al1"]
[Result "1-0"]
[WhiteElo "2430"]
[BlackElo "2495"]

1.e4 e5 2.Nf3 Nc6 3.Bb5 a6 4.Ba4 Nf6 5.O-O Be7 6.Re1 b5 7.Bb3 d6 8.c3 O-O 9.h3
Re8 10.d4 Bb7 11.Nbd2 Bf8 12.d5 Nb8 13.Nf1 Nbd7 14.N3h2 c6 15.dxc6 Bxc6 16.Ng3
Qc7 17.Ng4 Nxg4 18.hxg4 Nc5 19.Bd5 Qb7 20.Qf3 Bxd5 21.exd5 h6 22.Bd2 Rac8
23.Rad1 Qd7 24.Bc1 Be7 25.b3 Bh4 26.Nf5 e4 27.Qh3 Bf6 28.b4 Nd3 29.g5 Qd8
30.gxf6 Qxf6 31.Be3 Nxe1 32.Bd4 Rxc3 33.Bxc3 Nf3+ 34.Qxf3 exf3 35.Bxf6 gxf6
36.Nxd6 Re2 37.Nb7 {#r} 1-0

[Event "Aeroflot Open B 2017"]
[Site "masterchessopen.com Moscow RUS"]
[Date "2017.03.01"]
[Round "9.18"]
[White "Demidov,M"]
[Black "Salman,P"]
[Result "1-0"]
[WhiteElo "2534"]
[BlackElo "2197"]

1.d4 Nf6 2.c4 c5 3.d5 b5 4.cxb5 a6 5.Nc3 axb5 6.e4 b4 7.Nb5 d6 8.Bc4 g6 9.Nf3
Nxe4 10.Qe2 f5 11.Ng5 Bg7 12.O-O O-O 13.Re1 Bf6 14.Nh3 Be5 15.f3 Nf6 16.f4
Bd4+ 17.Nxd4 cxd4 18.Qxe7 Qb6 19.Ng5 Ra7 20.Qe2 Na6 21.Qd3 h6 22.Nf3 Bb7 23.b3
Bxd5 24.Bb2 Kh7 25.Qxd4 Qb7 26.Bxd5 Nxd5 27.Re6 Nc3 28.Qxd6 Rg8 29.Qe5 Qg7
30.a3 Qxe5 31.Rxe5 Rc7 32.Nd4 Nc5 33.axb4 Nd3 34.Ne6 Rcc8 35.Ra7+ Kh8 36.Rd5
Nxb2 37.Rdd7 Ne2+ 38.Kf2 Nd3+ 39.Ke3 {#r} 1-0

[Event "Aeroflot Open B 2017"]
[Site "masterchessopen.com Moscow RUS"]
[Date "2017.03.01"]
[Round "9.21"]
[White "Atabayev,Y"]
[Black "Sargsyan,Shant"]
[Result "0-1"]
[WhiteElo "2475"]
[BlackElo "2399"]

1.e4 e5 2.Nf3 Nc6 3.d4 exd4 4.Nxd4 Bc5 5.Nb3 Bb6 6.Nc3 Qf6 7.f4 Nge7 8.Qf3 d6
9.Be3 Be6 10.Bd3 O-O 11.h3 Ng6 12.Bd2 Nb4 13.Nc1 Rfe8 14.N1e2 Nh4 15.Qg3 d5
16.e5 Qe7 17.O-O-O c5 18.Bb5 Red8 19.a3 Nc6 20.Na4 d4 21.Qf2 c4 22.Bxc6 bxc6
23.Nxb6 axb6 24.Bb4 c5 25.Nxd4 Rxd4 26.Qxd4 cxb4 27.a4 h5 28.g4 Rxa4 29.Qd8+
Qxd8 30.Rxd8+ Kh7 31.Kb1 b3 32.Rd4 Nf3 33.cxb3 Rb4 34.Rd8 g6 35.bxc4 Rxc4
36.f5 gxf5 37.gxh5 Rh4 38.Rb8 Nxe5 39.Rxb6 Rxh5 40.Rb4 Kg6 41.Rd4 Kf6 42.Kc2
Rh8 43.h4 Rc8+ 44.Kb1 Ng4 45.b4 Ke5 46.Rd2 Bd5 47.Rh3 f4 48.h5 Be4+ 49.Kb2 f3
50.h6 f2 51.Rd1 Rh8 {#R} 0-1

[Event "Aeroflot Open B 2017"]
[Site "masterchessopen.com Moscow RUS"]
[Date "2017.03.01"]
[Round "9.26"]
[White "Ofitserian,Boris"]
[Black "Fakhrutdinov,Timur"]
[Result "0-1"]
[WhiteElo "2365"]
[BlackElo "2430"]

1.d4 Nf6 2.c4 e6 3.Nf3 d5 4.g3 Be7 5.Bg2 Nbd7 6.O-O c6 7.Nbd2 O-O 8.Qc2 b6
9.e4 dxc4 10.Nxc4 Bb7 11.e5 Nd5 12.Qe4 c5 13.Qg4 Kh8 14.Bg5 cxd4 15.Bxe7 Qxe7
16.Nxd4 a6 17.Rfe1 b5 18.Na5 N7b6 19.Nxb7 Qxb7 20.Rad1 Qe7 21.Re4 Rac8 22.Qe2
Rfd8 23.Rh4 Rd7 24.Qh5 h6 25.Be4 Nb4 26.Bb1 Nc6 27.Nxc6 Rxc6 28.Qe2 Qd8 29.Re1
Rc4 30.Rxc4 Nxc4 31.Qc2 g6 32.b3 Nd2 33.Qc6 Rc7 34.Qg2 Qd4 35.Qa8+ Kg7 36.Rd1
Qxe5 37.Qd8 Nxb1 38.Rxb1 Rc2 39.Qa5 Qe2 40.Rf1 Rxa2 41.Qc3+ e5 42.Qc5 Rd2
43.Kg2 Qe4+ 44.Kg1 Qd4 45.Qc7 e4 46.Qf4 Rd1 {#R} 0-1

[Event "Aeroflot Open B 2017"]
[Site "masterchessopen.com Moscow RUS"]
[Date "2017.03.01"]
[Round "9.29"]
[White "Esenov,An"]
[Black "Mu Ke"]
[Result "1-0"]
[WhiteElo "2302"]
[BlackElo "2431"]

1.e4 e6 2.d4 d5 3.e5 c5 4.c3 Nc6 5.Nf3 Qb6 6.a3 Nh6 7.b4 cxd4 8.cxd4 Nf5 9.Bb2
Bd7 10.g4 Nfe7 11.Nc3 Na5 12.Rc1 Rc8 13.Na4 Rxc1 14.Bxc1 Qc6 15.Nc5 Nc4 16.Bd3
Bc8 17.Nd2 b6 18.Bc2 Nxd2 19.Bxd2 Qc7 20.Nd3 Bd7 21.O-O h5 22.f3 Ng6 23.g5 Be7
24.Qb1 Bb5 25.Rc1 Qd8 26.f4 Nh4 27.Ne1 f6 28.Bg6+ Kd7 29.Bd3 Ba4 30.Qb3 Bc6
31.Qc2 Qa8 32.b5 Bb7 33.Qc7+ Ke8 34.Bb4 {#r} 1-0

[Event "Aeroflot Open B 2017"]
[Site "masterchessopen.com Moscow RUS"]
[Date "2017.03.01"]
[Round "9.30"]
[White "Atabayew,S"]
[Black "Ovod,E"]
[Result "1-0"]
[WhiteElo "2422"]
[BlackElo "2380"]

1.Nf3 d5 2.g3 c6 3.Bg2 Bg4 4.O-O Nd7 5.d3 Ngf6 6.Nbd2 e5 7.e4 dxe4 8.dxe4 Be7
9.h3 Bh5 10.Qe1 O-O 11.Nh4 Re8 12.Nf5 Bf8 13.Nc4 b5 14.Na5 Qc7 15.Nb3 Nb6
16.g4 Bg6 17.Qe2 Nfd7 18.h4 f6 19.g5 Bf7 20.Qg4 Kh8 21.h5 fxg5 22.Bxg5 h6
23.Bh4 Re6 24.Qf3 Nf6 25.Nxh6 Bxh5 26.Qh3 Qd7 27.Nf5 g6 28.f4 Nh7 29.Ng3 exf4
30.Nxh5 gxh5 31.Rad1 Qf7 32.Qf5 Qg8 33.Kh1 Rae8 34.Nd4 Re5 35.Qxf4 Qg6 36.Qg3
Qxg3 37.Bxg3 Rg5 38.Bf4 Rg6 39.e5 Nd5 40.Bxd5 cxd5 41.Nxb5 Rb8 42.Rxd5 a6
43.Nd4 Rxb2 44.e6 Kg8 45.Rd8 Rb7 46.Bd6 Kg7 47.Bxf8+ Nxf8 48.Rdxf8 Rb4 49.c3
Rb2 50.R8f2 {#r} 1-0

[Event "Aeroflot Open B 2017"]
[Site "masterchessopen.com Moscow RUS"]
[Date "2017.03.01"]
[Round "9.34"]
[White "Demianjuk,A"]
[Black "Badmatsyrenov,O"]
[Result "0-1"]
[WhiteElo "2297"]
[BlackElo "2456"]

1.e4 e5 2.Nf3 Nc6 3.d4 exd4 4.Nxd4 Nf6 5.Nxc6 bxc6 6.e5 Qe7 7.Qe2 Nd5 8.c4 Nb6
9.b3 g6 10.Bb2 Bg7 11.Nd2 O-O 12.f4 d6 13.g3 Re8 14.O-O-O d5 15.h4 h5 16.Qe3
a5 17.c5 Nd7 18.Bd4 Nf8 19.Bd3 Bg4 20.Rde1 Ne6 21.Rhf1 Rab8 22.a3 Bf8 23.f5
Nxd4 24.Qxd4 Qxc5+ 25.Qxc5 Bxc5 26.fxg6 Bxa3+ 27.Kc2 fxg6 28.Bxg6 Re7 29.e6
Kg7 30.Bf7 Bd6 31.Re3 c5 32.Ra1 d4 33.Ree1 Bxg3 34.Rg1 d3+ 35.Kxd3 Rd8+ 36.Ke3
Be5 37.Nf3 Bxa1 38.Bxh5 Rxe6+ 39.Kf2 Bd4+ 40.Nxd4 Rxd4 41.Bxg4 Rg6 {#R} 0-1

[Event "Aeroflot Open B 2017"]
[Site "masterchessopen.com Moscow RUS"]
[Date "2017.03.01"]
[Round "9.35"]
[White "Savenkov,K"]
[Black "Ivanov,Ol UKR"]
[Result "0-1"]
[WhiteElo "2365"]
[BlackElo "2482"]

1.e4 c5 2.Nf3 g6 3.d4 cxd4 4.Nxd4 Bg7 5.Nc3 Nc6 6.Nb3 Nf6 7.g3 d6 8.h3 Be6
9.Nd4 Nxd4 10.Qxd4 O-O 11.Bg2 Nd5 12.Qd3 Nxc3 13.bxc3 Rc8 14.Bd2 Qa5 15.a4
Bxc3 16.Bxc3 Rxc3 17.Qb5 Qc7 18.Qb4 Rc4 19.Qa3 Qa5+ 20.Kf1 Rxc2 {#R} 0-1